History Quiz

Random History or Decade Quiz
Score 0/20 Timer 04:00
10 Plays Today
% Correct
In vitro fertilisation
95.1%
The Godfather
94.3%
Floppy disk
94.1%
Punk Rock
93.6%
Pet Rock
93.5%
Happy Days
93.5%
Three Mile Island accident
92.2%
Atari 2600
90.7%
Watergate scandal
90.6%
Erich Honecker
90%
% Correct
Isabel Martínez de Perón
87.7%
1973 oil crisis
87.5%
Camp David Accords
87.3%
Iranian Revolution
86.8%
Deng Xiaoping
84.7%
Pol Pot
81.9%
Idi Amin
78.7%
Winter of Discontent
78.6%
Salvador Allende
77.1%
Munich massacre
68.1%

You're not logged in!

Compare scores with friends on all Sporcle quizzes.
OR
Log In

Sporcle TV

Today on Sporcle TV


Watch our educational content, quiz creation guides, and fun videos on Sporcle TV.

Show Comments

Extras

Top Quizzes Today


Score Distribution

Paid Content

Your Account Isn't Verified!

In order to create a playlist on Sporcle, you need to verify the email address you used during registration. Go to your Sporcle Settings to finish the process.

Report this User

Report this user for behavior that violates our Community Guidelines.

Details: